Finančné riadenie

Vymedzenie pojmu finančné riadenie. Základné atribúty finančného riadenia. Funkčné oblasti finančného riadenia. Chápanie financovania ako nákladové alebo ziskové stredisko. Hotovosť a riadenie likvidity. Vzťahy firmy a banky. Vznik a riadenie finančných rizík.

Na minha lista:
Detalhes bibliográficos
Autor principal: Chvostaľ, František
Formato: Capítulo de Livro
Idioma:eslovaco
Assuntos:
Tags: Adicionar Tag
Sem tags, seja o primeiro a adicionar uma tag!

MARC

LEADER 00000naa a2200000 4500
001 r041613
005 20231002115412.3
041 0 |a slo 
044 |a SK 
245 1 0 |a Finančné riadenie  |c František Chvostaľ 
520 |a Vymedzenie pojmu finančné riadenie. Základné atribúty finančného riadenia. Funkčné oblasti finančného riadenia. Chápanie financovania ako nákladové alebo ziskové stredisko. Hotovosť a riadenie likvidity. Vzťahy firmy a banky. Vznik a riadenie finančných rizík. 
610 2 0 |a hospodárenie finančné 
610 2 0 |a riadenie finančné 
610 2 0 |a podnik 
610 2 0 |a cash flow 
610 2 0 |a likvidita 
610 2 0 |a riziko 
610 2 0 |a riadenie zmien 
610 2 0 |a banky 
610 2 0 |a riadenie podnikové 
100 1 |a Chvostaľ, František